000 00757nam a2200241 a 4500
001 BRCA_1300
005 20190320203350.0
008 230508s1991----uk-a---###---#000-0#eng-#
020 _a1852381280
050 4 _aNK4870
_b.M39 1991
100 1 _aMayor, Susan
_94253
245 1 0 _aFans
_cSusan Mayor.
260 _aLondres
_bCharles Letts
_c1991
300 _a96 p.
_bil. a color
_c31 cm.
440 0 _aThe Letts Guide to Collecting
_94254
500 _aIncluye glosario e índice alfabético
504 _aBibliografía : p. 93
650 1 4 _aAbanicos
_vGuías
_xColeccionismo
_94255
650 1 4 _aAbanicos
_xHistoria
_94256
650 1 4 _aAbanicos
_vExposiciones
_y1870-1989
_94257
650 1 4 _aAbanicos
_xColecciones de museos
_zEuropa
_94258
942 _2lcc
_cB
999 _c1166
_d1166